MARC details
| 000 -CABECERA |
| campo de control de longitud fija |
02069cab a2200289 ab4500 |
| 005 - FECHA Y HORA DE LA ÚLTIMA TRANSACCIÓN |
| campo de control |
20250924063923.0 |
| 008 - ELEMENTOS DE LONGITUD FIJA--INFORMACIÓN GENERAL |
| campo de control de longitud fija |
991125c2016 mx tr p o 000 0 spa d |
| 035 ## - NÚMERO DE CONTROL DEL SISTEMA |
| Número de control de sistema |
UPN01000229365 |
| 040 ## - FUENTE DE LA CATALOGACIÓN |
| Centro catalogador/agencia de origen |
MX-MxUPN |
| Lengua de catalogación |
spa |
| Centro/agencia transcriptor |
MX-MxUPN |
| Normas de descripción |
aacr2 |
| 049 ## - COLECCIÓN |
| Colección |
ART-E |
| 100 1# - ASIENTO PRINCIPAL--NOMBRE PERSONAL |
| Nombre de persona |
Estévez Arias, Tatiana Mabell |
| Enlace |
- tatianaestevez.B7@hotmail.com |
| 100 1# - ASIENTO PRINCIPAL--NOMBRE PERSONAL |
| Nombre de persona |
Medina Chicaiza, Ricardo Patricio |
| 100 1# - ASIENTO PRINCIPAL--NOMBRE PERSONAL |
| Nombre de persona |
González Hernández, Walfredo |
| 245 13 - MENCIÓN DE TÍTULO |
| Título |
El desarrollo de la motivación profesional en la formación de los estudiantes de periodismo con el uso de las TIC |
| 506 0# - NOTA DE RESTRICCIONES AL ACCESO |
| Limitaciones de acceso |
Acceso abierto |
| 520 3# - NOTA DE RESUMEN, ETC. |
| Sumario, etc. |
Esta investigación cualitativa recopila información de los estudiantes de Comunicación Social de la Pontificia Universidad Católica del Ecuador Sede Ibarra, para conocer su comportamiento y la importancia de la redacción digital en su formación. Para esto, se elaboró el periódico en línea, desde el semestre marzo – julio 2013, con los alumnos de segundo nivel en la asignatura de Medios Impresos I se analizó el acercamiento a las TIC y con los estudiantes de cuarto nivel en la asignatura Taller Complementario Periodismo Digital se elaboró el contenido con base en la redacción en línea y sus principales características como son la multimedialidad, la interactividad e hipertextualidad. Esta investigación - acción permitió que los alumnos se introduzcan en la redacción en línea y en el mundo digital a través de estrategias de diseño y estructuración de la plataforma web mediante una plantilla de Joomla. RIES |
| 650 #4 - ASIENTO SECUNDARIO DE MATERIA - TERMINO TEMATICO |
| Término de materia o nombre geográfico como elemento de entrada |
Formación profesional |
| 9 (RLIN) |
9108 |
| 650 #4 - ASIENTO SECUNDARIO DE MATERIA - TERMINO TEMATICO |
| Término de materia o nombre geográfico como elemento de entrada |
Tecnologías de la información y comunicación |
| 9 (RLIN) |
21219 |
| 650 #7 - ASIENTO SECUNDARIO DE MATERIA - TERMINO TEMATICO |
| Término de materia o nombre geográfico como elemento de entrada |
Web 2.0 |
| 9 (RLIN) |
48575 |
| 653 0# - TERMINO DE INDIZACION - NO CONTROLADO |
| Término no controlado |
Motivación profesional |
| 773 ## - ENLACE AL DOCUMENTO FUENTE/ENTRADA DE REGISTRO ANFITRIÓN |
| Parte(s) relacionada(s) |
Vol. 7, no. 20 (2016), p. 191-200 |
| Título |
Revista iberoamericana de educación superior |
| Número Internacional Normalizado para Publicaciones Seriadas |
2007-2872 |
| 856 4# - LOCALIZACIÓN Y ACCESO ELECTRÓNICOS |
| Identificador Uniforme del Recurso |
<a href="https://www.ries.universia.unam.mx/index.php/ries/article/view/207">https://www.ries.universia.unam.mx/index.php/ries/article/view/207</a> |
| 856 4# - LOCALIZACIÓN Y ACCESO ELECTRÓNICOS |
| Identificador Uniforme del Recurso |
<a href="https://doi.org/10.22201/iisue.20072872e.2016.20.207">https://doi.org/10.22201/iisue.20072872e.2016.20.207</a> |
| 902 ## - ELEMENTOS DE DATOS B LOCAL, LDB (RLIN) |
| Creó |
Leonor Sotres/291124 |
| 905 ## - TIPO DE MATERIAL |
| Tipo de material |
Articulo |
| 942 ## - ELEMENTOS DE PUNTO DE ACCESO ADICIONAL (KOHA) |
| Tipo de ítem Koha |
Artículo Electrónico |